[Event "VIII Festival A"]
[Site "Salsomaggiore Terme ITA"]
[Date "2004.05.14"]
[Round "2"]
[White "Gilardone, Adriano"]
[Black "Ficco, Corrado"]
[Result "1-0"]
[WhiteElo "1931"]
[BlackElo "2090"]
[PlyCount "175"]
[EventDate "2004.05.14"]

1. e4 c5 2. c3 e6 3. d4 d5 4. exd5 exd5 5. Bd3 Nc6 6. Ne2 Nf6 7. O-O c4 8. Bc2
Bd6 9. f3 Qc7 10. g3 Be6 11. Bf4 O-O 12. Qc1 Rfe8 13. Re1 b5 14. Bxd6 Qxd6 15.
Qf4 Rad8 16. Qxd6 Rxd6 17. Nd2 a5 18. g4 Bd7 19. Nf4 g5 20. Ng2 Rde6 21. Kf2 h5
22. h3 Ne7 23. Nf1 Ng6 24. Nfe3 hxg4 25. hxg4 Rb6 26. Bf5 Bc6 27. Rab1 Reb8 28.
Bxg6 fxg6 29. Re2 b4 30. Rbe1 Kf7 31. Nc2 bxc3 32. bxc3 Rb2 33. Na3 R8b6 34.
Rxb2 Rxb2+ 35. Re2 Rb6 36. Ne3 Bd7 37. Ke1 Be6 38. Nd1 Nd7 39. Nb2 Rb8 40. Na4
Kf6 41. Kd1 Rh8 42. Kc2 Rh3 43. Rf2 Rh8 44. Nb5 Ke7 45. Re2 Kf6 46. Nc7 Bf7 47.
Na6 Rh3 48. Rf2 Ke7 49. N6c5 Nf8 50. Nb7 Ne6 51. Nxa5 Nf4 52. Nc5 Rh1 53. Nc6+
Kd6 54. Ne5 Be8 55. Kb2 Kc7 56. Ka3 Kb6 57. Rb2+ Bb5 58. Kb4 Nd3+ 59. Ncxd3
cxd3 60. a4 Ba6 61. a5+ Kc7 62. Rd2 Rb1+ 63. Ka3 Ra1+ 64. Kb2 Rxa5 65. Nxd3
Bxd3 66. Rxd3 Ra6 67. Re3 Rf6 68. Re5 Kd6 69. Rxg5 Re6 70. Kc2 Rf6 71. Kd2 Rxf3
72. Rxg6+ Ke7 73. Kc2 Rg3 74. Kb3 Kd7 75. Kb4 Ke7 76. g5 Kf7 77. Rf6+ Ke7 78.
Rf5 Kd6 79. c4 dxc4 80. Kxc4 Rg1 81. Ra5 Rg4 82. Ra6+ Kc7 83. g6 Kb7 84. Rf6
Kc7 85. Kd5 Rg5+ 86. Ke6 Rg1 87. Kf7 Rd1 88. Rf4 1-0

[Event "VIII Festival A"]
[Site "Salsomaggiore Terme ITA"]
[Date "2004.05.14"]
[Round "2"]
[White "Giretti Kanev, Jasen"]
[Black "Giannetta, Paolo"]
[Result "1-0"]
[WhiteElo "2153"]
[BlackElo "1805"]
[PlyCount "29"]
[EventDate "2004.05.14"]

1. c4 e5 2. Nc3 d6 3. Nf3 f5 4. d4 e4 5. Ng5 Be7 6. h4 c6 7. d5 Nh6 8. Bf4 Ng4
9. e3 O-O 10. Be2 Ne5 11. c5 h6 12. cxd6 Bxd6 13. dxc6 bxc6 14. Bxe5 hxg5 15.
Bc4+ 1-0

[Event "VIII Festival A"]
[Site "Salsomaggiore Terme ITA"]
[Date "2004.05.14"]
[Round "2"]
[White "Gromovs, Sergejs"]
[Black "Pegoraro, Nicola"]
[Result "1-0"]
[WhiteElo "2291"]
[BlackElo "2066"]
[PlyCount "69"]
[EventDate "2004.05.14"]

1. d4 f5 2. g3 g6 3. Bg2 Nf6 4. c4 Bg7 5. Qb3 c6 6. Nc3 Na6 7. Nh3 d6 8. O-O
O-O 9. Bf4 Kh8 10. Rad1 Qe8 11. d5 h6 12. dxc6 bxc6 13. Qa4 Bb7 14. b4 g5 15.
Bc1 Ng4 16. Bb2 Ne5 17. c5 Nc4 18. Ba1 d5 19. Qb3 Qf7 20. b5 Nxc5 21. Qb4 Ne4
22. Nxe4 fxe4 23. Bxg7+ Kxg7 24. bxc6 Bxc6 25. f4 g4 26. Nf2 Qg6 27. h3 h5 28.
hxg4 hxg4 29. Rd4 Ne3 30. Rc1 Rf6 31. Qc3 Nxg2 32. Kxg2 Rh8 33. Qb2 Kf7 34.
Rdd1 e3 35. Rxc6 {...} 1-0

[Event "VIII Festival A"]
[Site "Salsomaggiore Terme ITA"]
[Date "2004.05.14"]
[Round "2"]
[White "Guastadini, Paolo"]
[Black "Marson, Antonio"]
[Result "1-0"]
[WhiteElo "2130"]
[BlackElo "1673"]
[PlyCount "121"]
[EventDate "2004.05.14"]

1. Nf3 c6 2. d4 d5 3. c4 dxc4 4. a4 Bf5 5. Nc3 e6 6. e3 Bb4 7. Bxc4 Nf6 8. O-O
O-O 9. Nh4 Bg4 10. Be2 Bxe2 11. Qxe2 Bxc3 12. bxc3 Ne4 13. Nf3 Nxc3 14. Qb2 Nd5
15. Qxb7 Nd7 16. Ba3 Rb8 17. Qxc6 Rb6 18. Qc4 Re8 19. a5 Rb7 20. Qa6 Qa8 21.
Nd2 Nc7 22. Qd3 a6 23. Ne4 Nb5 24. h3 Qb8 25. Rfc1 f5 26. Nc3 Nxa3 27. Rxa3 Qd6
28. Na4 Reb8 29. Nc5 Rc7 30. Rac3 Nxc5 31. dxc5 Qxd3 32. Rxd3 Rb5 33. c6 Rd5
34. Rxd5 exd5 35. Rc5 Kf7 36. Rxd5 Ke6 37. Rd7 Rxd7 38. cxd7 Kxd7 39. f3 Kc6
40. g4 g6 41. gxf5 gxf5 42. Kf2 Kd5 43. Ke2 Kc4 44. e4 Kd4 45. exf5 Ke5 46. f6
Kxf6 47. Ke3 Ke5 48. f4+ Kf5 49. Kf3 Kf6 50. Ke4 Ke6 51. f5+ Kf6 52. Kf4 h6 53.
h4 h5 54. Ke4 Kf7 55. Ke5 Ke7 56. f6+ Kf7 57. Kf5 Kf8 58. Kg5 Kf7 59. Kf5 Kg8
60. Kg6 Kf8 61. Kxh5 1-0

[Event "VIII Festival A"]
[Site "Salsomaggiore Terme ITA"]
[Date "2004.05.14"]
[Round "2"]
[White "Marson, Luca"]
[Black "Bonugli, Carlo"]
[Result "1/2-1/2"]
[WhiteElo "1868"]
[BlackElo "2067"]
[PlyCount "88"]
[EventDate "2004.05.14"]

1. e4 e6 2. d4 d5 3. e5 c5 4. Qg4 cxd4 5. Nf3 Nc6 6. Bd3 Nge7 7. O-O Nb4 8.
Qxd4 Nec6 9. Qg4 Nxd3 10. cxd3 f6 11. d4 f5 12. Qf4 Be7 13. h4 O-O 14. Nc3 a6
15. Be3 Bd7 16. Rfd1 Be8 17. Rac1 Bh5 18. g3 Kh8 19. Na4 Qa5 20. b3 Rac8 21.
Bd2 Qd8 22. Kg2 Bxf3+ 23. Kxf3 h6 24. Kg2 Qe8 25. Rh1 Qh5 26. Be3 Qe2 27. Qf3
Qxa2 28. Qh5 Kh7 29. Nc5 Bxc5 30. dxc5 Nxe5 31. Qd1 Nc6 32. Bd2 a5 33. Bc3 Nb4
34. Re1 f4 35. gxf4 Rxc5 36. Re2 Rxc3 37. Rxa2 Nxa2 38. Rxc3 Nxc3 39. Qd3+ Ne4
40. f3 Rxf4 41. fxe4 Rxe4 42. h5 b5 43. Kf3 a4 44. bxa4 bxa4 1/2-1/2

[Event "VIII Festival A"]
[Site "Salsomaggiore Terme ITA"]
[Date "2004.05.14"]
[Round "2"]
[White "Miladinovic, Igor"]
[Black "Fattorelli, Luciano"]
[Result "1-0"]
[WhiteElo "2614"]
[BlackElo "2129"]
[PlyCount "31"]
[EventDate "2004.05.14"]

1. d4 d6 2. e4 Nf6 3. Nc3 c6 4. Be3 Qc7 5. Qd2 e5 6. O-O-O Be7 7. f3 b5 8. g4
O-O 9. h4 Nbd7 10. h5 Nb6 11. g5 Ne8 12. g6 f5 13. h6 f4 14. hxg7 Nxg7 15. Rxh7
Rf6 16. Rh8+ 1-0

[Event "VIII Festival A"]
[Site "Salsomaggiore Terme ITA"]
[Date "2004.05.14"]
[Round "2"]
[White "Napoli, Nicolo'"]
[Black "Mrdja, Milan"]
[Result "0-1"]
[WhiteElo "2127"]
[BlackElo "2405"]
[PlyCount "88"]
[EventDate "2004.05.14"]

1. e4 c5 2. c3 e6 3. d4 cxd4 4. cxd4 d5 5. exd5 Qxd5 6. Nf3 Nf6 7. Bd3 Nc6 8.
O-O Be7 9. Nc3 Qa5 10. Bf4 O-O 11. a3 a6 12. b4 Qd8 13. Re1 b5 14. Ne4 Nxd4 15.
Be5 Nf5 16. Qe2 Bb7 17. Rad1 Nd5 18. g4 Nh6 19. Nd4 Rc8 20. g5 Bxg5 21. Qh5 Bf4
22. Nc5 g6 23. Nxb7 gxh5 24. Nxd8 Rfxd8 25. Bf1 Ng4 26. Bxf4 Nxf4 27. h3 Nf6
28. a4 bxa4 29. Bxa6 Nxh3+ 30. Kg2 Rc3 31. Ne2 Rxd1 32. Rxd1 Rb3 33. Ra1 Nd5
34. Rxa4 Rxb4 35. Rxb4 Nxb4 36. Kxh3 Nxa6 37. Kh4 Nc5 38. Kxh5 Kg7 39. Ng3 Nd3
40. f3 f5 41. Kg5 h6+ 42. Kh5 Nf4+ 43. Kh4 Kf6 44. Nf1 Ke5 0-1

[Event "VIII Festival A"]
[Site "Salsomaggiore Terme ITA"]
[Date "2004.05.14"]
[Round "2"]
[White "Panizzi, Giuseppe"]
[Black "Dvirnyy, Danyyil"]
[Result "0-1"]
[WhiteElo "2037"]
[BlackElo "1868"]
[PlyCount "130"]
[EventDate "2004.05.14"]

1. d4 Nf6 2. Nf3 d6 3. Bf4 g6 4. e3 Bg7 5. Be2 O-O 6. Nbd2 Nc6 7. c3 Re8 8. Qc2
h6 9. Rd1 e5 10. dxe5 dxe5 11. Bg3 Qe7 12. e4 Nh5 13. Nb3 Nf4 14. O-O Nxe2+ 15.
Qxe2 Bg4 16. h3 Bh5 17. Rd5 Rad8 18. Rfd1 b6 19. Qe3 Qf6 20. R1d2 Bxf3 21. gxf3
g5 22. Kg2 h5 23. Rxd8 Rxd8 24. Rxd8+ Qxd8 25. Qe2 h4 26. Bh2 Nb8 27. Na1 Nd7
28. Qd2 Qe7 29. Nc2 f6 30. Ne3 Qd6 31. Qe2 Nc5 32. Qc4+ Qe6 33. Qe2 Qxa2 34.
Qb5 Qe6 35. b4 c6 36. Qe2 Na4 37. Qd3 Bf8 38. Nf5 b5 39. Qe3 Nb6 40. f4 exf4
41. Bxf4 gxf4 42. Qxf4 Kf7 43. Qxh4 Ke8 44. Nd4 Qd6 45. Qh7 Nd7 46. Qg6+ Kd8
47. Qf7 Kc7 48. Nf5 Qe5 49. Ng3 Qxc3 50. Qa2 Qxb4 51. Qxa7+ Kd8 52. Qa8+ Kc7
53. Qa7+ Kd6 54. Nf5+ Ke6 55. Nd4+ Kd6 56. Nf5+ Ke5 57. Ng3 Ke6 58. Qa2+ Qc4
59. Qd2 Bd6 60. f4 b4 61. h4 b3 62. f5+ Ke7 63. Qh6 Bxg3 64. Qg7+ Kd6 65. Qxg3+
Ne5 0-1

[Event "VIII Festival A"]
[Site "Salsomaggiore Terme ITA"]
[Date "2004.05.14"]
[Round "2"]
[White "Roversi, Stefano"]
[Black "Carzolio, Luigi"]
[Result "0-1"]
[WhiteElo "1896"]
[BlackElo "2037"]
[PlyCount "64"]
[EventDate "2004.05.14"]

1. e4 e6 2. d4 a6 3. f4 b5 4. Nf3 Bb7 5. Bd3 c5 6. c3 Nf6 7. Nbd2 cxd4 8. cxd4
Nc6 9. O-O Qb6 10. Nb3 Nb4 11. e5 Nxd3 12. exf6 Nxc1 13. fxg7 Bxg7 14. Rxc1 Bd5
15. Rc3 a5 16. Kh1 a4 17. Nc1 Qb7 18. Qc2 Bxf3 19. Rfxf3 O-O 20. Rh3 f5 21. Rc7
Rac8 22. Rhc3 Rxc7 23. Rxc7 Qd5 24. Rc5 Qxd4 25. Nd3 Rb8 26. h3 Bf8 27. Rc7 Rd8
28. Qe2 Bd6 29. Rb7 Bxf4 30. Rxb5 Rc8 31. Ne1 Rc1 32. Ra5 Bg3 0-1

[Event "VIII Festival A"]
[Site "Salsomaggiore Terme ITA"]
[Date "2004.05.14"]
[Round "2"]
[White "Scuderi, David"]
[Black "Bocchicchio, Gaetano"]
[Result "0-1"]
[WhiteElo "2059"]
[BlackElo "2187"]
[PlyCount "128"]
[EventDate "2004.05.14"]

1. e4 c5 2. c3 d6 3. d4 Qc7 4. Nf3 Bg4 5. Be2 Nd7 6. O-O Ngf6 7. e5 Bxf3 8.
Bxf3 dxe5 9. Re1 e6 10. dxe5 Nxe5 11. Bxb7 Rd8 12. Qa4+ Qd7 13. Qxd7+ Rxd7 14.
Ba6 Rd5 15. Na3 Bd6 16. Nb5 Bb8 17. Be3 Neg4 18. h3 Nxe3 19. Rxe3 Rd2 20. Rb1
Ke7 21. Na3 Rhd8 22. Re2 Rd1+ 23. Re1 Rxe1+ 24. Rxe1 Rd2 25. Nc4 Rd5 26. Ne3
Rd8 27. Rd1 Bd6 28. Be2 Rb8 29. Kf1 Nd7 30. Nc4 Bc7 31. Rb1 Ne5 32. b4 Nxc4 33.
Bxc4 Be5 34. Rb3 cxb4 35. cxb4 Rc8 36. Bd3 Rc1+ 37. Ke2 f5 38. b5 Bd4 39. g4 g6
40. Rb1 Rc3 41. Rd1 Ra3 42. Bc4 Bb6 43. Bb3 Ra5 44. a4 a6 45. bxa6 Rxa6 46. Rc1
Bd8 47. Rc4 e5 48. gxf5 gxf5 49. Rh4 h6 50. Rh5 Rf6 51. Rh4 e4 52. f3 Rb6 53.
Bd1 Kf7 54. Rf4 Rb2+ 55. Kf1 e3 56. Rxf5+ Ke6 57. Rb5 Rf2+ 58. Ke1 Bh4 59. Rb4
Bg3 60. Re4+ Kd6 61. Rxe3 Rh2+ 62. Kf1 Rf2+ 63. Ke1 h5 64. Be2 64... h4 {...}
0-1

[Event "VIII Festival A"]
[Site "Salsomaggiore Terme ITA"]
[Date "2004.05.14"]
[Round "2"]
[White "Szirmai, Emil"]
[Black "Terbonati, Paolo"]
[Result "1/2-1/2"]
[WhiteElo "2088"]
[BlackElo "1925"]
[PlyCount "91"]
[EventDate "2004.05.14"]

1. e4 c5 2. Nf3 d6 3. c3 Nf6 4. Be2 g6 5. e5 Nd5 6. d4 Bg7 7. dxc5 dxc5 8. c4
Nb4 9. Qxd8+ Kxd8 10. Na3 N8c6 11. Bf4 Be6 12. O-O-O+ Kc8 13. Kb1 h6 14. h4 b6
15. b3 Kb7 16. Rd2 Rad8 17. Rhd1 Rxd2 18. Rxd2 Rd8 19. Rxd8 Nxd8 20. Kb2 Bg4
21. Nc2 Nxc2 22. Kxc2 Ne6 23. Bd2 Kc7 24. Bc3 f6 25. exf6 Bxf6 26. g3 Bxc3 27.
Kxc3 Kd6 28. Ng1 Bxe2 29. Nxe2 g5 30. hxg5 hxg5 31. Kd3 Ke5 32. Ke3 g4 33. Nc3
Nc7 34. Nb5 Nxb5 35. cxb5 e6 36. f3 Kf5 37. fxg4+ Kxg4 38. Ke4 Kxg3 39. Ke5 Kf3
40. Kxe6 Ke4 41. Kd6 Kd4 42. Kc6 Kc3 43. Kb7 Kb4 44. Kxa7 Kxb5 45. a4+ Kb4 46.
Kxb6 1/2-1/2

[Event "VIII Festival A"]
[Site "Salsomaggiore Terme ITA"]
[Date "2004.05.14"]
[Round "2"]
[White "Tamburini, Lorenzo"]
[Black "Ferretti, Folco"]
[Result "0-1"]
[WhiteElo "2084"]
[BlackElo "2288"]
[PlyCount "68"]
[EventDate "2004.05.14"]

1. e4 e5 2. Nf3 Nc6 3. Bb5 a6 4. Bxc6 dxc6 5. O-O Bd6 6. d4 exd4 7. Qxd4 f6 8.
Nbd2 Be6 9. b3 Qe7 10. Nc4 Bc5 11. Qd3 Rd8 12. Qe2 Qf7 13. Na5 Bc8 14. Bd2 Ne7
15. e5 O-O 16. exf6 gxf6 17. Qc4 Rd5 18. Qc3 Bg4 19. Bh6 Rb8 20. b4 Qg6 21. Bf4
Bxf3 22. Qxf3 Bxb4 23. Nc4 Rd7 24. Ne3 Bd6 25. Rfd1 Rbd8 26. Rd4 Nf5 27. Nxf5
Qxf5 28. Re1 Qxc2 29. Bh6 Bxh2+ 30. Kxh2 Rxd4 31. Qh3 Qg6 32. Qb3+ Kh8 33. Bc1
Qh5+ 34. Kg1 Rd1 0-1

[Event "VIII Festival A"]
[Site "Salsomaggiore Terme ITA"]
[Date "2004.05.14"]
[Round "2"]
[White "Tomasi, Diego"]
[Black "Bocci, Alessandro"]
[Result "1-0"]
[WhiteElo "2033"]
[BlackElo "1781"]
[PlyCount "71"]
[EventDate "2004.05.14"]

1. Nf3 d5 2. g3 Nf6 3. Bg2 Bf5 4. O-O e6 5. d4 c5 6. c4 Nc6 7. cxd5 exd5 8. Nc3
c4 9. Bg5 Be7 10. Ne5 Be6 11. Qa4 Qb6 12. Bxf6 Bxf6 13. Nxd5 Bxd5 14. Bxd5 Bxe5
15. dxe5 O-O 16. Bxc6 bxc6 17. Qxc4 Qxb2 18. f4 Qb5 19. Rac1 Rfd8 20. a4 Qxc4
21. Rxc4 Rd2 22. Kf2 Rb8 23. Rxc6 g6 24. e6 fxe6 25. Rxe6 Kf7 26. Re5 Rb4 27.
a5 Ra4 28. Rc1 Rd7 29. Rec5 Ke7 30. Re5+ Kf7 31. Rc8 Ra2 32. h4 h5 33. Rc6 Rb2
34. Ree6 Rdd2 35. Rf6+ Ke7 36. Rce6+ 1-0

[Event "VIII Festival A"]
[Site "Salsomaggiore Terme ITA"]
[Date "2004.05.14"]
[Round "2"]
[White "Traversi, Carlo"]
[Black "Bini, Lorenzo"]
[Result "0-1"]
[WhiteElo "1828"]
[BlackElo "2036"]
[PlyCount "50"]
[EventDate "2004.05.14"]

1. d4 b6 2. c4 Bb7 3. Nc3 f5 4. Bf4 Nf6 5. e3 e6 6. Nf3 Be7 7. Be2 O-O 8. O-O
Nh5 9. Bg3 Nxg3 10. fxg3 d6 11. Nd2 Bg5 12. Bf3 Bxe3+ 13. Kh1 Nc6 14. Qe2 Qg5
15. Bxc6 Bxc6 16. d5 exd5 17. Nf3 Qh6 18. cxd5 Bd7 19. Qc4 Rf7 20. Rae1 Raf8
21. Qd3 f4 22. Nd1 fxg3 23. Nxe3 Rxf3 24. h3 Bxh3 25. Kg1 Bxg2 0-1

[Event "VIII Festival A"]
[Site "Salsomaggiore Terme ITA"]
[Date "2004.05.14"]
[Round "2"]
[White "Vezzosi, Paolo"]
[Black "Annoni, Riccardo"]
[Result "1-0"]
[WhiteElo "2360"]
[BlackElo "2094"]
[PlyCount "51"]
[EventDate "2004.05.14"]

1. d4 d5 2. c4 c6 3. Nc3 Nf6 4. e3 e6 5. Nf3 Nbd7 6. Bd3 Bd6 7. O-O O-O 8. e4
dxc4 9. Bxc4 e5 10. Bg5 Qe7 11. Re1 Rd8 12. d5 h6 13. dxc6 bxc6 14. Bh4 Nb6 15.
Bf1 Be6 16. Qc2 g5 17. Bg3 Nfd7 18. h3 f6 19. Rec1 Nf8 20. Nd1 Bd7 21. Ne3 Ne6
22. Nf5 Qf8 23. Rd1 Be7 24. Bc4 Nxc4 25. Qxc4 Kh7 26. Rxd7 1-0

[Event "VIII Festival A"]
[Site "Salsomaggiore Terme ITA"]
[Date "2004.05.14"]
[Round "2"]
[White "Vivo, Mario"]
[Black "Mussap, Angelo"]
[Result "0-1"]
[WhiteElo "2144"]
[BlackElo "1904"]
[PlyCount "38"]
[EventDate "2004.05.14"]

1. e4 e5 2. Nf3 Nc6 3. Bb5 Qf6 4. c3 a6 5. Bxc6 dxc6 6. d4 exd4 7. cxd4 Bg4 8.
Qb3 b6 9. Ne5 Be6 10. Qg3 Bd6 11. Bg5 Qg6 12. Nxg6 Bxg3 13. Nxh8 Bd6 14. O-O f6
15. Bh4 Ne7 16. Nc3 O-O-O 17. e5 fxe5 18. dxe5 Bb4 19. Ne4 Rxh8 0-1

[Event "VIII Festival A"]
[Site "Salsomaggiore Terme ITA"]
[Date "2004.05.15"]
[Round "3"]
[White "Ambrosi, Eleonora"]
[Black "Dragojlovic, Andjelko"]
[Result "1/2-1/2"]
[WhiteElo "2118"]
[BlackElo "2340"]
[PlyCount "88"]
[EventDate "2004.05.14"]

1. e4 c5 2. Nf3 g6 3. d4 cxd4 4. Nxd4 Bg7 5. c4 Nf6 6. Nc3 d6 7. Be2 O-O 8. O-O
a6 9. Be3 b6 10. f3 Bb7 11. Qd2 Re8 12. Rfd1 Nbd7 13. Rac1 e6 14. Nc2 Bf8 15.
Bh6 Be7 16. Be3 Qc7 17. Kh1 Rac8 18. Na3 Qb8 19. Bf4 Ne5 20. Qd4 Bc6 21. Be3
Ned7 22. Qd2 Qa8 23. Nc2 Bb7 24. Na4 d5 25. cxd5 exd5 26. e5 Nh5 27. Nxb6 Nxb6
28. Bxb6 Ng7 29. Nd4 Qb8 30. f4 h5 31. Qa5 f6 32. Bxa6 fxe5 33. fxe5 Bxa6 34.
Qxa6 Rxc1 35. Rxc1 Qxe5 36. Qb5 Bf6 37. Rd1 h4 38. Nf3 Qxb2 39. Qxb2 Bxb2 40.
Rxd5 Nf5 41. Rd8 Kf7 42. Rxe8 Kxe8 43. Kg1 Kd7 44. Kf1 Bf6 1/2-1/2

[Event "VIII Festival A"]
[Site "Salsomaggiore Terme ITA"]
[Date "2004.05.15"]
[Round "3"]
[White "Annoni, Riccardo"]
[Black "Ambrosi, Arcangelo"]
[Result "1/2-1/2"]
[WhiteElo "2094"]
[BlackElo "1975"]
[PlyCount "58"]
[EventDate "2004.05.14"]

1. d4 Nf6 2. Bg5 e6 3. Nf3 c5 4. e3 Qb6 5. Qc1 Nc6 6. Bxf6 gxf6 7. c3 d5 8.
Nbd2 Bd7 9. Bd3 Rc8 10. Qb1 h5 11. O-O h4 12. h3 f5 13. a3 c4 14. Bc2 Bd6 15.
Rc1 Ke7 16. b3 cxb3 17. Nxb3 Na5 18. Bd1 Rcg8 19. Nxa5 Qxa5 20. c4 Bc6 21. c5
Bb8 22. Qb4 Qxb4 23. axb4 f6 24. Be2 a6 25. b5 axb5 26. Rcb1 Bc7 27. Bxb5 Kd7
28. Bxc6+ bxc6 29. Ra7 Rb8 1/2-1/2

[Event "VIII Festival A"]
[Site "Salsomaggiore Terme ITA"]
[Date "2004.05.15"]
[Round "3"]
[White "Bardi, Massimo"]
[Black "Szirmai, Emil"]
[Result "1/2-1/2"]
[WhiteElo "1906"]
[BlackElo "2088"]
[PlyCount "90"]
[EventDate "2004.05.14"]

1. e4 Nf6 2. Nc3 d5 3. exd5 Nxd5 4. Bc4 e6 5. Qf3 Nf6 6. Nge2 Nc6 7. O-O Ne5 8.
Qf4 Nxc4 9. Qxc4 Be7 10. d3 O-O 11. Ng3 a6 12. a4 c5 13. a5 Qd4 14. Ra4 e5 15.
Qb3 Qd6 16. Nge4 Nxe4 17. dxe4 Be6 18. Nd5 Bxd5 19. exd5 Rab8 20. f4 Bf6 21.
fxe5 Bxe5 22. Bf4 Bxf4 23. Raxf4 b5 24. axb6 Rxb6 25. Qf3 Qg6 26. Qc3 h6 27. b3
Qd6 28. Qd3 Rb4 29. c4 Rb7 30. Qg3 Qb8 31. R1f3 Rb6 32. Re4 Qxg3 33. Rxg3 Rfb8
34. Ree3 a5 35. Rgf3 Kf8 36. h4 Rb4 37. h5 a4 38. bxa4 Rxc4 39. d6 Rxa4 40. Re7
f6 41. Rfe3 Raa8 42. Rc7 Rd8 43. Rd3 Ra6 44. Rg3 Raxd6 45. Rgxg7 c4 1/2-1/2

[Event "VIII Festival A"]
[Site "Salsomaggiore Terme ITA"]
[Date "2004.05.15"]
[Round "3"]
[White "Bavosi, Mariano"]
[Black "Roversi, Stefano"]
[Result "0-1"]
[WhiteElo "1547"]
[BlackElo "1896"]
[PlyCount "54"]
[EventDate "2004.05.14"]

1. e4 c5 2. g3 Nc6 3. Bg2 d6 4. d3 Nf6 5. Nf3 g6 6. Be3 Bg7 7. Nc3 O-O 8. Qd2
Ng4 9. O-O Nxe3 10. fxe3 Bg4 11. Ng5 e6 12. Nh3 Bxh3 13. Bxh3 h5 14. Ne2 Ne5
15. d4 cxd4 16. exd4 Qb6 17. Kh1 Nc4 18. Qc3 Rac8 19. Bxe6 fxe6 20. Rxf8+ Bxf8
21. b3 Qc6 22. d5 exd5 23. Nd4 Qe8 24. bxc4 Qxe4+ 25. Nf3 Bg7 26. Re1 Bxc3 27.
Rxe4 dxe4 0-1

[Event "VIII Festival A"]
[Site "Salsomaggiore Terme ITA"]
[Date "2004.05.15"]
[Round "3"]
[White "Bini, Lorenzo"]
[Black "Garofalo, Sergio"]
[Result "1-0"]
[WhiteElo "2036"]
[BlackElo "1784"]
[PlyCount "67"]
[EventDate "2004.05.14"]

1. f4 e5 2. fxe5 d6 3. b3 dxe5 4. Bb2 e4 5. e3 Bd6 6. Qh5 g6 7. Qb5+ c6 8. Qe2
Qh4+ 9. Qf2 Qxf2+ 10. Kxf2 f6 11. Nc3 Be5 12. d4 Bc7 13. Nxe4 Nh6 14. Bc4 Bf5
15. Nxf6+ Ke7 16. e4 Bc8 17. e5 b5 18. Bd3 b4 19. Nf3 Rf8 20. Nxh7 Ng4+ 21. Ke2
Rf7 22. Nhg5 Rg7 23. h3 Nh6 24. g4 Ba6 25. c4 Nd7 26. a3 Bb7 27. axb4 Nf8 28.
Rhf1 Bd8 29. b5 cxb5 30. d5 b4 31. e6 Rg8 32. Ne5 Nf5 33. gxf5 gxf5 34. Rxf5
1-0

[Event "VIII Festival A"]
[Site "Salsomaggiore Terme ITA"]
[Date "2004.05.15"]
[Round "3"]
[White "Bocchicchio, Gaetano"]
[Black "Vezzosi, Paolo"]
[Result "1/2-1/2"]
[WhiteElo "2187"]
[BlackElo "2360"]
[PlyCount "108"]
[EventDate "2004.05.14"]

1. d4 Nf6 2. Nc3 d5 3. Bg5 Nbd7 4. e4 Nxe4 5. Nxe4 dxe4 6. f3 exf3 7. Qxf3 Nb6
8. c3 c6 9. Bd3 Qd5 10. Qg3 Bf5 11. Bxf5 Qxf5 12. Nf3 f6 13. O-O Qd7 14. a4 e6
15. a5 Nd5 16. c4 Nb4 17. Rad1 O-O-O 18. Bd2 Nc2 19. a6 b6 20. c5 Nxd4 21. Nxd4
Qxd4+ 22. Be3 Qxd1 23. Rxd1 Rxd1+ 24. Kf2 bxc5 25. Qg4 Rd7 26. Qxe6 Bd6 27. Bf4
Bxf4 28. Qxc6+ Bc7 29. Qb7+ Kd8 30. Qa8+ Ke7 31. Qxh8 Kf7 32. Qxh7 Be5 33. b3
Bd4+ 34. Kf1 Re7 35. h4 Ke6 36. Qg8+ Kd6 37. Qd8+ Rd7 38. Qb8+ Kc6 39. Qc8+ Kd6
40. Ke2 Re7+ 41. Kd2 Kd5 42. Qd8+ Ke6 43. b4 cxb4 44. Kd3 Bb6 45. Qg8+ Kd6 46.
Kc4 Re4+ 47. Kb5 Rxh4 48. Qxg7 Ke6 49. Qg8+ Kf5 50. Qc8+ Kg5 51. Qg8+ Kf5 52.
Qd5+ Kg4 53. Qg8+ Kf5 54. Qd5+ Kg6 1/2-1/2

[Event "VIII Festival A"]
[Site "Salsomaggiore Terme ITA"]
[Date "2004.05.15"]
[Round "3"]
[White "Bocci, Alessandro"]
[Black "Panizzi, Giuseppe"]
[Result "0-1"]
[WhiteElo "1781"]
[BlackElo "2037"]
[PlyCount "147"]
[EventDate "2004.05.14"]

1. d4 Nf6 2. Nf3 d6 3. c4 g6 4. Nc3 Bg7 5. e4 O-O 6. Be2 e5 7. dxe5 dxe5 8.
Qxd8 Rxd8 9. Bg5 c6 10. h3 Nbd7 11. O-O-O Re8 12. Be3 Nh5 13. g3 Nf8 14. Nd2
Nf6 15. f3 Nh5 16. Bf2 b6 17. Nb3 Ne6 18. a3 Nd4 19. Nxd4 exd4 20. Na2 c5 21.
Kc2 Bb7 22. Nc1 a5 23. a4 Bc6 24. b3 Bf8 25. Nd3 Bd6 26. g4 Ng3 27. Bxg3 Bxg3
28. Kd2 Bh4 29. Rhf1 f6 30. Rg1 Ra7 31. Rg2 Bg5+ 32. Kc2 Rae7 33. Rh1 Bh4 34.
Kd2 h6 35. Rf1 Kh7 36. Bd1 Bg5+ 37. Kc2 Be3 38. h4 Bd7 39. Rh1 f5 40. gxf5 gxf5
41. e5 f4 42. Be2 Bf5 43. h5 Rxe5 44. Kd1 R5e7 45. Rh4 Rg8 46. Rxg8 Kxg8 47.
Nxf4 Rg7 48. Ng6 d3 49. Bf1 Bg5 50. Rh2 Bxg6 51. hxg6 Rd7 52. Bh3 Rd4 53. Bf5
Kg7 54. Be4 d2 55. Rg2 Rd7 56. Rg4 Re7 57. Rg2 Kf6 58. Re2 Bf4 59. Rg2 h5 60.
Rg1 Bh6 61. Rh1 Re5 62. Rg1 Rg5 63. Rxg5 Bxg5 64. Ke2 Bf4 65. Bc2 h4 66. Kf1 h3
67. Kf2 Be5 68. Kg1 Kg5 69. Kf2 Kf4 70. Bd1 Bd4+ 71. Kf1 Kg3 72. g7 Bxg7 73.
Kg1 Be5 74. Kh1 0-1

[Event "VIII Festival A"]
[Site "Salsomaggiore Terme ITA"]
[Date "2004.05.15"]
[Round "3"]
[White "Bonugli, Carlo"]
[Black "De Palma, Fabrizio"]
[Result "1/2-1/2"]
[WhiteElo "2067"]
[BlackElo "1948"]
[PlyCount "54"]
[EventDate "2004.05.14"]

1. e4 e6 2. d3 d5 3. Nd2 c5 4. Ngf3 Nc6 5. g3 Nf6 6. Bg2 Be7 7. O-O O-O 8. e5
Nd7 9. Re1 Qc7 10. Qe2 b5 11. c4 bxc4 12. dxc4 d4 13. Ne4 Bb7 14. Bf4 Rad8 15.
Nd6 Bxd6 16. exd6 Qb6 17. Qd2 Na5 18. b3 Bc6 19. Bg5 f6 20. Rxe6 fxg5 21. Nxg5
Nf6 22. f3 Nb7 23. Qd3 h6 24. Rxf6 hxg5 25. Rh6 Rxd6 26. Qh7+ Kf7 27. Qf5+ Kg8
1/2-1/2

[Event "VIII Festival A"]
[Site "Salsomaggiore Terme ITA"]
[Date "2004.05.15"]
[Round "3"]
[White "Brancaleoni, Maurizio"]
[Black "Giretti Kanev, Jasen"]
[Result "0-1"]
[WhiteElo "2296"]
[BlackElo "2153"]
[PlyCount "44"]
[EventDate "2004.05.14"]

1. d4 Nf6 2. Bg5 d5 3. e3 Bf5 4. Bd3 Bxd3 5. Qxd3 Ne4 6. Qb5+ c6 7. Qxb7 Nxg5
8. Qxa8 Qc7 9. Nc3 e6 10. h4 Ne4 11. Nxe4 dxe4 12. Rb1 Bd6 13. b4 O-O 14. b5
Qa5+ 15. Kd1 Qxa2 16. Rb3 Qa1+ 17. Kd2 Qf1 18. bxc6 Qxg2 19. Rh3 Qxg1 20. c7
Bxc7 21. Qxe4 Qxf2+ 22. Kc1 Qf1+ 0-1

[Event "VIII Festival A"]
[Site "Salsomaggiore Terme ITA"]
[Date "2004.05.15"]
[Round "3"]
[White "Carzolio, Luigi"]
[Black "Marson, Luca"]
[Result "1/2-1/2"]
[WhiteElo "2037"]
[BlackElo "1868"]
[PlyCount "121"]
[EventDate "2004.05.14"]

1. d4 Nf6 2. Nf3 g6 3. Nbd2 Bg7 4. e4 d6 5. Bd3 O-O 6. O-O c5 7. c3 Nc6 8. Re1
cxd4 9. cxd4 e5 10. dxe5 dxe5 11. Nc4 Bg4 12. Be3 Bxf3 13. gxf3 Nh5 14. Bf1 Qf6
15. Bg2 Rfd8 16. Qa4 Nd4 17. Nd2 b5 18. Qd1 Nf4 19. Bxf4 Qxf4 20. Re3 Qh6 21.
Rd3 Rac8 22. Nb3 Ne6 23. Rd5 Qg5 24. Qf1 a6 25. Rad1 Nf4 26. Rxd8+ Rxd8 27.
Rxd8+ Qxd8 28. Kh1 Bf8 29. Qc1 a5 30. Bf1 a4 31. Qd2 Qb6 32. Nc1 Bc5 33. Nd3
Nxd3 34. Qxd3 b4 35. Qb5 Qxb5 36. Bxb5 a3 37. bxa3 bxa3 38. Kg2 Kg7 39. Bd3 Kh6
40. Bc4 f6 41. Bg8 Kg7 42. Bc4 g5 43. Be6 h5 44. h3 h4 45. Bd5 Kf8 46. Kf1 Ke7
47. Bb3 Kd6 48. Bc4 Bd4 49. Bb3 Kc5 50. Be6 Kb4 51. Bd5 Kc3 52. Be6 Kd2 53. Bd5
Kc3 54. Be6 Kb4 55. Bd5 Kc5 56. Be6 Kd6 57. Bc4 Ke7 58. Bd5 Kf8 59. Be6 Kg7 60.
Bd5 Kg6 61. Be6 1/2-1/2